Регионална библиотека "Любен Каравелов" - Русе

Печат към свободата (Запис номер 182804)

MARC детайли
000 -Лидер
Контролно поле с фиксирана дължина 01630nam a2200349 c 4500
003 - Код на организацията, давaща контролен номер
Контролно поле BLK
005 - Дата и час на последна редакция
Контролно поле 20180422115239.0
008 - Елементи от данни с фиксирана дължина
fixed length control field 180411b bul|||||r ||||||| ||bul||
010 ## - Наследен системен номер
LC control number KNG00191729000
020 ## - Международен стандартен номер на книга ISBN
Международен стандартен номер на книга ISBN 978-619-90549-2-5
-- издат.: Минерва
040 ## - Източник на каталожния запис
Идентификатор на билиотеката - собственик на записа BLK
041 ## - Код за език
Код за езика на текст/звукозапис или на отделно заглавие Български
Код за езика КДБФ Български
072 #7 - Код за тематичната категория
Код организация bullib
Код за тематична категория Н83
Текст Чужда художествена литература Н
080 ## - УДК
Текстов определител УДК Немска литература
УДК код - определител по УДК 821.112.2
УДК определител -94
УДК - код + определител 821.112.2-94
080 ## - УДК
Текстов определител УДК Емигранти. Прогонени. - Доброволни и принудени емигранти:бежанци, евакуирани, бегълци, дисиденти, депортирани и др
УДК код - определител по УДК 325.25
УДК определител (430)(0:82-9)
УДК - код + определител 325.25(430)(0:82-9)
100 1# - Редна дума - Автор
Автор Фрич, Родигер фон
Авторска отговорност първи автор
R(LIN) 343038
139 ## - Редно поле
Редна дума Фрич, Родигер фон
Авторски знак Фрич - Ф 84
245 10 - Сведения за заглавието
Заглавие Печат към свободата
Подзаглавни данни Бягство от Германия към Германия
Редно поле (дума) Родигер фон Фрич; прев. Екатерина Попова.
257 ## - Страна на издаване
Страна на създаване/издаване Германия
260 ## - Област на издателските данни
-- София
Име на издателя, разпространителя и проч. Минерва
Година на издаване 2016
300 ## - Физическа характеристика
Страници 224 с.
Илюстрации и др. със сн., факс.
Размери/Мащаб 21 см
380 ## - Жанр
Жанр Обществени науки
500 ## - Общи забележки
Забележка Ориг. загл. Die Sache mit Tom / Rudiger von Fritsch. - Съдържа и за авт.
653 ## - Ключова дума – ненормативна
Ключова дума спомени
659 ## - Тематичен бюлетин
Тематичен бюлетин Н
700 1# - Други автори (авторска отговорност)
Лично име Попова, Екатерина
Автороска отговорност (Описва отношението между автора и произведението) прев.
9 (RLIN) 364853
852 ## - Местоположение
Форматна сигнатура Цб 282559
856 4# - Електронен адрес и достъп
Електронен формат pdf - файл
Път до файла /url/
856 4# - Електронен адрес и достъп
Електронен формат pdf - файл
Път до файла /url/
942 ## - АРТИКУЛИ
Вид на библиотечния материал Книги
Скрит в OPAC Не
944 ## - СЪЗДАВАНЕ И РЕДАКЦИЯ на ЗАПИСА
Създаване/Редакция Създаване
Дата на регистрацията/редакция 06.10.2016
Статус, дата на статуса ф /
Служител, извършил регистрацията/редакцията Виолета_Тройчева
944 ## - СЪЗДАВАНЕ И РЕДАКЦИЯ на ЗАПИСА
Създаване/Редакция Редакция
Дата на регистрацията/редакция 25.11.2016
Статус, дата на статуса ф /
Служител, извършил регистрацията/редакцията Людмила_Стоянова
999 ## - СИСТЕМНИ КОНТРОЛНИ НОМЕРА
Koha biblionumber 182804
Koha biblioitemnumber 182804
Наличности
Код за отписване Код за изгубен артикул Код за повреда Коз за рестрикции Код за отдаване Артикулен № Име на библиотеката - собственик Име на библиотеката, в която се намира в момента Статус (Текущо местоположение) Дата на вписване в системата Местоположение - отдел Цена в лева Инвентарен номер Систематично азбучна сигнатура Баркод Номер на екземпляра Цена в евро Служебна бележка Служебен тип на артикула
  Не е изгубен Не е повреден без рестрикции заемане за дома 314483 Регионална библиотека "Любен Каравелов" Русе Регионална библиотека "Любен Каравелов" Русе Заемна - подръчен фонд 2016-10-06 Заемна - подръчен фонд 8.00 120000804389 П 830-9/Ф 84 120000804389 1 4.09 Дост: DA Вид: А N: 35 Дата: 06.10.2016 Дата инв: 12.02.2018 Бележки инв: П2018 Книги
Vip Innovations Ltd, Rousse, Bulgaria 2025